000 00363nam a2200133Ia 4500
008 231129s1999||||xx |||||||||||||| ||spa||
020 _a958-04-5483-3
082 _a843 B198ob
100 _aBalzac Honoré de.
245 0 _aLa obra maestra desconocida
260 _c1999
264 _aBarcelona : Norma.
942 _2ddc
_cBKS
999 _c17800
_d17800